000
00279nam a2200121Ia 4500
008
190216s9999||||xx |||||||||||||| ||und||
100
_a
Edward A Lee
245
0
_a
Digital Communication
260
_b
Allied Publishers Limited
300
_a
893
650
_a
Computer
942
_c
BK
999
_c
8935
_d
8935